|
|
|
|
| LEADER |
00000ny a22000003n 4500 |
| 005 |
20110523133945.0 |
| 008 |
100324s2007 pe 000 0 spa d |
| 020 |
|
|
|a 9789972224676
|
| 035 |
|
|
|a 4871
|
| 040 |
|
|
|a BUS
|d vLex
|
| 080 |
|
|
|a 341.231.14(7/8=134.2)
|
| 090 |
|
|
|c 162
|d 162
|
| 100 |
1 |
|
|a Salmn̤ Gr̀ate, Elizabeth
|
| 245 |
1 |
3 |
|a El derecho internacional humanitario y su relacin̤ con el derecho interno de los Estados Unidos
|h [Recurso electrn̤ico]
|c Elizabeth Salmn̤
|
| 256 |
|
|
|a Servicio en ln̕ea
|
| 260 |
|
|
|a Lima :
|b Palestra Editores,
|c 2007
|
| 506 |
1 |
|
|a Contenido solo disponible en los productos indicados
|d vLex Global
|d vLex Global (Academic Edition, excluding Law Schools)
|d vLex Global (U.S. Academic Edition, Law Schools)
|d vLex Global (U.S. Academic Edition, excluding Law Schools)
|d vLex Global (Academic Edition, Law Schools)
|
| 650 |
0 |
4 |
|a Derechos humanos (Derecho internacional)
|z Amřica Latina
|x Publicaciones perid̤icas
|
| 650 |
0 |
4 |
|a Derechos humanos (Derecho internacional)
|z Estados Unidos
|x Publicaciones perid̤icas
|
| 740 |
0 |
|
|a vLex Libros (Servicios en ln̕ea)
|
| 856 |
4 |
0 |
|u http://vlex.com/source/4871
|z Acceso restringido
|
| 942 |
|
|
|c BOOK
|
| 999 |
0 |
|
|a International law)
|b America
|